| 000 | 00429nam a2200157 i 4500 | ||
|---|---|---|---|
| 001 | 92136 | ||
| 003 | ES-MaACL | ||
| 005 | 20230906180914.0 | ||
| 007 | t| | ||
| 008 | 050222s1977 xxk ||||1| eng d | ||
| 100 | 1 |
_aLi, Cheng-chung. _972142 |
|
| 245 | 1 | 0 |
_aWhere should the world go / _cby Li Cheng-Chung. |
| 260 |
_a(s.l.) : _bWorld Anti-Communist, _c1977. |
||
| 300 |
_a80 p. ; _c19 cm. |
||
| 852 |
_aES-MaACL _jA-7678 _bR.96868 |
||
| 999 |
_c92136 _d92136 |
||